Miliony hvězdiček tango /

Hlavní autor: Habarta, Antonín
Další autoři: Havlíček, Antonín, Vipler, Vlastislav Antonín, 1903-1971, Kudrna, František, 1897-
Jazyk: Nelze použít, není lingvistický obsah
Vydáno: Praha : František Kudelík, 1946
Edice: Universální orchestr (Kudelík)
Fyzický popis: 16 hlasů
Hudebniny Hudebniny
Uloženo v:
LEADER 01131ncm a22002772a 4500
001 001300021
003 CZ BrMZK
005 20150916125258.0
007 qu
008 130607s1946 xr |||||||||||||||||zxx d
040 |a BOA001  |b cze 
072 7 |a 785  |x Instrumentální hudba. Symfonická hudba. Hudba pro více nástrojů  |2 Konspekt  |9 9 
100 1 |a Habarta, Antonín  |7 mzk2015876835  |4 cmp 
245 1 0 |a Miliony hvězdiček  |h [hudebnina] :  |b tango /  |c hudba Ant. Habarta ; slova Ant. Havlíček. Pro mne tak šťastný den : tango-serenada / hudba V.A. Vipler ; slova Fr. Kudrna 
260 |a Praha :  |b František Kudelík,  |c 1946 
300 |a 16 hlasů 
490 1 |a Universální orchestr 
700 1 |a Havlíček, Antonín  |7 mzk2014804982  |4 lyr 
700 1 |a Vipler, Vlastislav Antonín,  |d 1903-1971  |7 jk01142452  |4 cmp 
700 1 |a Kudrna, František,  |d 1897-  |7 jk01070661  |4 lyr 
740 0 2 |a Pro mne tak šťastný den 
830 0 |a Universální orchestr (Kudelík) 
910 |a BOA001  |b Mus4-0191.086 
990 |a MU 
991 |b 201306 
996 6 |b 2619563872  |c Mus4-0191.086  |l MZK  |r Sklad / do 1 hodiny  |n 0  |w 001334776  |u 000010  |a 1  |e BOA001  |j MZK50  |s P